00339 2200157 4500245002400000250001100024100001000035650001600045005001900061260001800080041001400098084001400112300001800126500002800144336000900172 aSerabicAlilahText aCet. 1 aAlila aKarya Siswa a20250925103613 aJakartac2025 aIndonesia a081 ALI s ailus. :c21cm aKarya Siswa Kelas X-DKV atext